Fractal Growth Phenomena

Αποθηκεύτηκε σε:
Λεπτομέρειες βιβλιογραφικής εγγραφής
Κύριος συγγραφέας: Vicsek, Tamas
Μορφή: Βιβλίο
Γλώσσα:English
Δημοσίευση: Singapore : World Scientific, c1992
Έκδοση:2nd ed.
Θέματα:
Ετικέτες: Προσθήκη ετικέτας
Δεν υπάρχουν, Καταχωρήστε ετικέτα πρώτοι!

MARC

LEADER 00000nam a2200000 i 4500
001 1/38695
008 950126s1992 eng d
020 |a 981-02-0669-0 
035 |a 1994  |c ΜΑΡΟΥΛΗΣ  |l 10040828 
040 |a GR-MY-UA  |b gre  |e aacr 
041 0 |a eng 
082 0 |a 514.74 
100 1 |a Vicsek, Tamas. 
245 1 0 |a Fractal Growth Phenomena /  |c Tamàs Vicsek 
250 |a 2nd ed. 
260 |a Singapore :   |b World Scientific,   |c c1992 
300 |a 488 p.;  |c 25 cm. 
500 |a Includes bibliographical references and index 
650 0 0 |a Fractals. 
852 |a INST  |b SAMOS  |e 19950126  |h 514.74 VIC  |p 005300006243  |q 005300006243  |t BK  |y 0 
909 |a Σ  |b 038549